Geography Speed-Picking Quiz Stats

Quiz Updated Jun 29, 2016

Challenge
Share
Tweet
Embed
Score 0/50 Timer 02:00
51 Plays Today
% Correct
Africa
96.1%
Europe
94.5%
North America
93.8%
Asia
93.8%
Antarctica
92%
Egypt
82.3%
Massachusetts
81.3%
New Hampshire
81%
Connecticut
80.8%
Vermont
78.5%
Valley
77.9%
Sudan
76.7%
Mountain
76.6%
Maine
76.5%
Glacier
76.2%
Burkina Faso
72.6%
Mali
71.2%
Fjord
69.5%
Lesotho
68.2%
Kilimanjaro
66.8%
Everest
66.5%
Jamaica
65.8%
Atlantic
64.2%
Iceland
63.7%
Arctic
62.9%
% Correct
Pacific
62.5%
Philippines
59.6%
Indian
59.3%
Tonga
58.6%
Mesa
57.5%
Malta
57.5%
Vesuvius
52.6%
Fuji
51.2%
Quebec
49.9%
Alberta
49.7%
Southern
49.6%
Saskatchewan
48%
Prince Edward Island
46.7%
Manitoba
45.7%
Etna
45%
Tehran
33.5%
Dhaka
33.2%
Bishkek
32.1%
Tbilisi
29.5%
Jerusalem
29.4%
Danube
29.4%
Rhine
29.1%
Volga
28.9%
Elba
25.9%
Loire
25.2%

You're not logged in!

Compare scores with friends on all Sporcle quizzes.
Join for Free
OR
Log In

You Might Also Like...

Show Comments

Extras

Top Quizzes Today


Score Distribution

Your Account Isn't Verified!

In order to create a playlist on Sporcle, you need to verify the email address you used during registration. Go to your Sporcle Settings to finish the process.

Report this User

Report this user for behavior that violates our Community Guidelines.

Details: